000 00990nam a2200301 i 4500
001 53387
003 ES-MaACL
005 20230906162745.0
007 t|
008 031022s2002 sp ||||0| spa j
020 _a84-8444-563-1
040 _aM-BN
_bspa
_cM-BN
080 _a1 Schelling, Friedrich Wilhelm Joseph
080 _a216
080 _a17.021.2
100 1 _aCardona Suárez, Luis Fernando.
_935190
245 1 0 _aInversión de los principios
_b: la relación entre libertad y mal en Schelling /
_cLuis Fernando Cardona Suárez.
260 _aAlbolote (Granada) :
_bComares,
_c2002.
300 _aXII, 300 p ;
_c22 cm.
490 1 _aFilosofía hoy ;
_v21
504 _aBibliografía: p. [287]-300.
600 1 4 _aSchelling, Friedrich Wilhelm Joseph-
_xCrítica e interpretación.
_9104294
650 1 4 _aMal.
_914740
650 1 4 _aLibertad.
_914400
830 0 _aFilosofía hoy ;
_v21
_9182438
852 _aES-MaACL
_jL-26572
_bR.132002
999 _c53387
_d53387